| 000 | 01033nam a2200289 a 4500 | ||
|---|---|---|---|
| 001 | 23181 | ||
| 003 | BD-RjUL | ||
| 005 | 20211209000912.0 | ||
| 008 | 140310s1951 enk b 000 0 eng d | ||
| 035 | _a(BD-RjUL)23246 | ||
| 035 | _a(BD-RjUL) | ||
| 040 |
_aAAWM _beng _cAAWM _dAAWM _dBD-RjUL |
||
| 041 | _aeng | ||
| 082 |
_a901 _bTOW |
||
| 100 | 1 |
_aToynbee, Arnold Joseph, _d1889-1975. _971378 |
|
| 245 | 1 | 0 |
_aWar and civilization / _cArnold J. Toynbee ; selected by Albert Vann Fowler. |
| 260 |
_aLondon : _bOxford University Press, _c1951. |
||
| 300 |
_a165 p. ; _c22 cm. |
||
| 500 | _aSelections from: A study of history / Arnold J. Toynbee. | ||
| 500 | _a"Issued under the auspices of the Royal Institute of International Affairs." | ||
| 500 | _aReview: New York Times Book Review, 8th Oct. 1950 p.6. | ||
| 504 | _aIncludes bibliographical references. | ||
| 650 | 0 |
_aWar and civilization. _971454 |
|
| 650 | 0 |
_aWar _xHistory. _923019 |
|
| 700 | 1 |
_aToynbee, Arnold, _d1889-1975. _tStudy of history. _971455 |
|
| 942 |
_2ddc _cBK |
||
| 999 |
_c23181 _d23181 |
||